Essentials of accounting theory (Record no. 42409)

MARC details
000 -LEADER
fixed length control field 00524nam a2200145 a 4500
008 - FIXED-LENGTH DATA ELEMENTS--GENERAL INFORMATION
fixed length control field 120416s0000 ||||||||||||||||| || u
020 ## - INTERNATIONAL STANDARD BOOK NUMBER
International Standard Book Number 0912164034
050 ## - LIBRARY OF CONGRESS CALL NUMBER
Classification number HF 5635 Eit
100 ## - MAIN ENTRY--PERSONAL NAME
Personal name Eiteman, Wilford John, 1902-
245 10 - TITLE STATEMENT
Title Essentials of accounting theory
260 ## - PUBLICATION, DISTRIBUTION, ETC.
Place of publication, distribution, etc. Ann Arbor, Michigan
Name of publisher, distributor, etc. Masterco Press
Date of publication, distribution, etc. 1961
300 ## - PHYSICAL DESCRIPTION
Extent v, 64p. : ill
350 ## - PRICE (NR) (BK AM CF MU VM SE) [OBSOLETE]
Price 0.00
995 ## - RECOMMENDATION 995 [LOCAL, UNIMARC FRANCE]
-- 0.00
-- CBU-MAIN LIBRARY (Kitwe)
-- 1
-- 4.50
-- AVAILABLE
-- Main Library Open Access Collection
Holdings
Withdrawn status Lost status Source of classification or shelving scheme Damaged status Not for loan Home library Current library Shelving location Date acquired Total Checkouts Full call number Barcode Date last seen Price effective from Koha item type
          CBU-MAIN LIBRARY, KITWE. CBU-MAIN LIBRARY, KITWE.   11/30/2022   HF 5635 Eit 005496 11/30/2022 11/30/2022 MONOGRAPH